LIBRARY & INFORMATION CENTRE, KCAET, TAVANUR

ONLINE PUBLIC ACCESS CATALOGUE (OPAC)

World book encyclopaedia vol-1 / (Record no. 9140)

MARC details
000 -LEADER
fixed length control field 00391cam a2200145ua 4500
041 ## - LANGUAGE CODE
Language code of text/sound track or separate title eng
082 ## - DEWEY DECIMAL CLASSIFICATION NUMBER
Classification number 030
Item number JON/WO
100 ## - MAIN ENTRY--AUTHOR NAME
Personal name Jones, Morris J.
245 ## - TITLE STATEMENT
Title World book encyclopaedia vol-1 /
260 ## - PUBLICATION, DISTRIBUTION, ETC. (IMPRINT)
Place of publication Chicago :
Name of publisher Field Enterprise Eduacational Corporation ,
Year of publication 1961.
300 ## - PHYSICAL DESCRIPTION
Number of Pages 838 ; .
942 ## - ADDED ENTRY ELEMENTS (KOHA)
Koha item type Books
Holdings
Withdrawn status Lost status Damaged status Home library Current library Date acquired Full call number Accession Number Koha item type
      KAUAET KAUAET 07/04/2012 030 751 A Reference
free website counter